| 000 | 00696nam a22001937a 4500 | ||
|---|---|---|---|
| 999 |
_c3978 _d3978 |
||
| 003 | OSt | ||
| 005 | 20241127140215.0 | ||
| 008 | 241127b ||||| |||| 00| 0 eng d | ||
| 020 | _a9781107651944 | ||
| 040 | _cKH8 | ||
| 082 | _a428 COX | ||
| 100 |
_aCox, Marian, _eauthor. |
||
| 245 |
_aCambridge IGCSE First Language English : _bTeacher's Resource / _cMarian Cox. |
||
| 260 |
_aUK; _bCambridge University Press, _c2014. |
||
| 300 |
_ax, 166 pages : _biilustrations ; _c30 cm. |
||
| 520 | _aUp-to-date resources providing full coverage of Cambridge IGCSE® First Language English (0500 and 0522) for first examination in 2015. | ||
| 650 | _a English language Study and teaching | ||
| 942 |
_2ddc _cTR |
||